LEADER 01159nam0-2200337---450- 001 990009313870403321 005 20110201120055.0 010 $a0080218172 035 $a000931387 035 $aFED01000931387 035 $a(Aleph)000931387FED01 035 $a000931387 100 $a20110201d1977----km-y0itay50------ba 101 0 $aeng 102 $aGB 105 $a--------001yy 200 1 $aCurriculum evaluation for lifelong education$edeveloping criteria and procedures for the evaluation of school curricula in the perspective of lifelong education$ea multinational study$fedited by Rodney Skager and R. H. Dave$gwith contributions by K. G. Robinson 210 $aOxford$cPergamon press$dc1977 215 $aX, 140 p.$d21 cm 225 1 $aAdvances in lifelong education$v02 676 $a370.711 702 1$aSkager,$bRodney 702 1$aDave,$bR. H. 702 1$aRobinson,$bK. G.$fKenneth Girdwood 801 0$aIT$bUNINA$gRICA$2UNIMARC 901 $aBK 912 $a990009313870403321 952 $a370.711 SKA 1$bIst.ped.3478$fFLFBC 959 $aFLFBC 996 $aCurriculum evaluation for lifelong education$9771720 997 $aUNINA LEADER 01253nam--2200385---450- 001 990005850770203316 005 20130529120613.0 010 $a978-88-07-88043-8 035 $a000585077 035 $aUSA01000585077 035 $a(ALEPH)000585077USA01 035 $a000585077 100 $a20130529d2013----km-y0itay50------ba 101 1 $aita$cpor 102 $aIT 105 $a||||||||001yy 200 1 $a<> libro dell'inquietudine di Bernardo Soares$fFernando Pessoa$gprefazione di Antonio Tabucchi$gcura di Maria José de Lancastre$gtraduzione di Maria José de Lancastre e Antonio Tabucchi 205 $a16. ed 210 $aMilano$cFeltrinelli$d2013 215 $a279 p.$d21 cm 225 2 $aUniversale economica$v1626 410 0$12001$aUniversale economica$v1626 454 0$12001$aLivro do desassossego por Bernardo Soares$914158 606 0 $2BNCF 676 $a869.34 700 1$aPESSOA,$bFernando$0329680 801 0$aIT$bsalbc$gISBD 912 $a990005850770203316 951 $aVI.6.A. 159$b8554 L.M.$cVI.6.A.$d00314690 959 $aBK 969 $aUMA 979 $aPASSARO$b90$c20130529$lUSA01$h1204 979 $aPASSARO$b90$c20130529$lUSA01$h1206 996 $aLivro do desassossego$914158 997 $aUNISA